[Event "Zonal 1.1 (w)"]
[Site "Delden NED"]
[Date "1993.??.??"]
[Round "9"]
[White "Foulon, Greta"]
[Black "Jackson, Sheila"]
[Result "1/2-1/2"]
[WhiteElo "2010"]
[BlackElo "2215"]
[EventDate "1993.??.??"]
[PlyCount "83"]

1.d4 Nf6 2.c4 e6 3.g3 c5 4.d5 exd5 5.cxd5 b5 6.a4 b4 7.Bg2 d6 8.e4 Qe7 9.
f3 g6 10.Ne2 Bg7 11.O-O O-O 12.Nd2 Ba6 13.Re1 Nbd7 14.f4 Rac8 15.Kh1 Ng4 
16.Kg1 Bxe2 17.Rxe2 Bd4+ 18.Kh1 Ne3 19.Qb3 c4 20.Nxc4 Nxc4 21.Qxb4 Bb6 22.
Qb3 Rc7 23.Qd3 Rfc8 24.Qd1 a6 25.b3 Na5 26.Bb2 h5 27.e5 Nb7 28.Bh3 Re8 29.
e6 Nf8 30.Qe1 f5 31.b4 a5 32.Rc1 Rxc1 33.Bxc1 axb4 34.Qxb4 Qc7 35.Bb2 Qc5 
36.Qxc5 Nxc5 37.Ba3 Nxa4 38.Bxd6 Nc3 39.Rb2 Be3 40.Bg2 Nh7 41.Be5 Nd1 42.
Rb8 1/2-1/2

[Event "Zonal 1.1 (w)"]
[Site "Delden NED"]
[Date "1993.??.??"]
[Round "9"]
[White "Milligan-Scott, Helen"]
[Black "Limbach, Renate"]
[Result "0-1"]
[WhiteElo "2030"]
[BlackElo "2170"]
[EventDate "1993.??.??"]
[PlyCount "126"]

1.e4 e5 2.Nf3 d6 3.d4 f5 4.Nc3 Nf6 5.dxe5 Nxe4 6.Bc4 c6 7.exd6 Nxd6 8.Bb3 
Qe7+ 9.Qe2 Qxe2+ 10.Kxe2 b6 11.Rd1 Ba6+ 12.Ke1 Nd7 13.Bf4 O-O-O 14.Rd2 
Re8+ 15.Kd1 Ne4 16.Nxe4 Rxe4 17.Ng5 Rxf4 18.Be6 Bc4 19.Bxd7+ Kb7 20.Ne6 
Bxe6 21.Bxe6 Bc5 22.f3 Re8 23.Rd7+ Kb8 24.Bf7 Rf8 25.Bb3 g5 26.Kd2 Rh4 27.
h3 g4 28.Rh1 b5 29.c3 Rf6 30.Bc2 Kc8 31.Rg7 gxf3 32.gxf3 Rf4 33.Bd1 h6 34.
Re1 Rd6+ 35.Kc2 Rh4 36.Rh1 Be3 37.Rg2 a5 38.Re2 f4 39.Reh2 Rg6 40.Be2 Rg3 
41.b3 Bg1 42.Bd3 Bxh2 43.Bf5+ Kc7 44.Rxh2 Rxf3 45.Kd2 Rh5 46.Bg4 Rd5+ 47.
Kc2 Rg3 48.Rf2 f3 49.Rxf3 Rxf3 50.Bxf3 Rf5 51.Bg4 Rf2+ 52.Kd3 Rxa2 53.c4 
Ra3 54.Bd1 a4 55.cxb5 axb3 56.Kc3 b2+ 57.Kxb2 Rxh3 58.bxc6 Kxc6 59.Kc2 h5 
60.Kd2 h4 61.Ke2 Rg3 62.Kf2 Kd5 63.Bf3+ Ke5 0-1

[Event "Zonal 1.1 (w)"]
[Site "Delden NED"]
[Date "1993.??.??"]
[Round "9"]
[White "Mora, Virginie"]
[Black "Gervais, Claire"]
[Result "0-1"]
[WhiteElo "2160"]
[BlackElo "2185"]
[EventDate "1993.??.??"]
[PlyCount "68"]

1.d4 e6 2.c4 f5 3.Nf3 Nf6 4.Qc2 d5 5.Bf4 c6 6.e3 Be7 7.Nc3 O-O 8.Bd3 Ne4 
9.Ne5 Nd7 10.f3 Nxe5 11.Bxe5 Nd6 12.cxd5 exd5 13.O-O-O b5 14.Bxd6 Qxd6 15.
Kb1 Qh6 16.h3 Qxe3 17.Rde1 Qg5 18.Bxb5 Bb7 19.Bd3 Rae8 20.Re5 g6 21.Rhe1 
Rf7 22.Qe2 Kf8 23.g4 Bc8 24.Qf2 Qf4 25.Ne2 Qd2 26.Bc2 fxg4 27.hxg4 Bxg4 
28.Qh2 Qxe1+ 29.Nc1 Qh4 30.Qxh4 Bxh4 31.Rxe8+ Kxe8 32.fxg4 Rf1 33.Bd3 Rg1 
34.Kc2 Rxg4 0-1